000 00454nam a22001217a 4500
082 _a220 PRO
100 _aMuhammad Sohaib, Akram Muneeb - Ul - Qayyum, Muhammad Umair Anwer
_971327
245 _aPR-SOF-1458-DESIGN AND FABRICATION OF A TROLLEY CAPABLE OF LIFTING LOAD ON STAIRS
260 _aISLAMABAD
_bNUST COLLEGE OF EME
_c2015
650 _aDE-MECH-33
700 _a Asst. Prof. Dr. Sajid Ullah Butt, Asst. Prof. Rehan Ahmed Khan
_971328
942 _cCR
999 _c577905
_d577905